Statistics for 1960s-70s Pop/Rock Bands by Key Members

Click here to take the quiz!

General Stats

  • This quiz has been taken 153 times
  • The average score is 31 of 59

Answer Stats

HintAnswer% Correct
Mick Jagger & Keith RichardsRolling Stones
98%
Robert Plant & Jimmy PageLed Zeppelin
94%
Ozzie Osbourne & Tony IommiBlack Sabbath
92%
John Lennon & Paul McCartneyBeatles
91%
Eric Clapton & Ginger BakerCream
91%
Robin Gibb & Barry GibbBee Gees
90%
David Gilmour & Roger WatersPink Floyd
89%
Peter Gabriel & Phil CollinsGenesis
88%
Roger Daltry & Pete TownshendWho
85%
Lindsey Buckingham & Stevie NicksFleetwood Mac
81%
Mark Knopfler & David KnopflerDire Straits
78%
Ray Manzarek & Jim MorrisonDoors
78%
Andy Summers & StingPolice
77%
Steven Tyler & Joe PerryAerosmith
76%
Glenn Frey & Don HenleyEagles
76%
Tom Fogerty & John FogertyCreedence Clearwater Revival
75%
Brian Wilson & Mike LoveBeach Boys
74%
Davy Jones & Micky DolenzMonkees
69%
Ray Davies and Dave DaviesKinks
67%
Florence Ballard & Diana RossSupremes
67%
John Phillips & Cass ElliotMamas & Papas
66%
Marty Balin & Grace SlickJefferson Airplane
63%
Ian Gillan & Ritchie BlackmoreDeep Purple
62%
Jerry Garcia & Bob WeirGrateful Dead
61%
Steve Perry & Neal SchonJourney
60%
Terry Kath & Peter CeteraChicago Transit Authority
59%
Jeff Lynn & Roy WoodElectric Light Orchestra
59%
Ian Anderson & Martin BarreJethro Tull
59%
Thomas McClary & Lionel RichieCommodores
58%
Lou Reed & John CaleVelvet Underground
57%
Jon Anderson & Steve HoweYes
57%
Ronnie Van Zant & Gary RossingtonLynyrd Skynyrd
56%
Dusty Hill & Billy GibbonsZZ Top
50%
Tom Johnston & Michael McDonaldDoobie Brothers
49%
Roger Mcguinn & David CrosbyByrds
47%
Maurice White & Phillip BaileyEarth Wind & Fire
47%
Peter Yarrow & Mary TraversPeter Paul & Mary
47%
Donald Fagen & Walter BeckerSteely Dan
47%
Lou Gramm & Mick JonesForeigner
46%
Allan Clarke & Graham NashHollies
39%
Dennis De Young & James "J.Y." YoungStyx
36%
Randy Bachman & Burton CummingsGuess Who
34%
David Ruffin & Eddie KendricksTemptations
34%
Dave Mason & Steve WinwoodTraffic
34%
John Sebastian & Zal YanovskyLovin' Spoonful
32%
Gary Richrath & Kevin CroninReo Speedwagon
30%
Rodger Hodgson & Rick DaviesSupertramp
28%
Teddy Pendergrass & Harold MelvinHarold Melvin & The Blue Notes
27%
Greg Lake & Robert FrippKing Crimson
25%
Jim Fox & Joe WalshJames Gang
22%
Howard Kaylan & Mark Volman (Flo & Eddie)Turtles
17%
Mark Farner & Don BrewerGrand Funk Railroad
16%
Eddie Brigati & Felix CavaliereRascals
16%
Richie Furay & Jim MessinaPoco
12%
Bob "The Bear" Hite & Alan "Blind Owl" WilsonCanned Heat
10%
Jerry Butler & Curtis MayfieldImpressions
9%
Russell Thompkins Jr. & Thom Bell (producer)Stylistics
6%
Gary Brooker & Robin TrowerProcul Harem
5%
Derek Shulman & Kerry MinnearGentle Giant
4%

Score Distribution

Percentile by Number Answered

Percent of People with Each Score

Your Score History

You have not taken this quiz